| 000 | 01068nam a2200253 a 4500 | ||
|---|---|---|---|
| 001 | 000019050 | ||
| 005 | 20200929165918.0 | ||
| 008 | 100524s1973 ag 000 0 spa d | ||
| 040 |
_aDO-SdBNP _bspa _cBNPHU |
||
| 041 | 1 | 7 |
_aspa _heng _2Código de idioma MARC |
| 082 |
_annnn _bP462p |
||
| 100 | 1 |
_aPerry, Ralph Barton, _d1876-1957 _940990 |
|
| 240 | 1 | 4 |
_aThe thought and character of William James. _lEspañol. |
| 245 | 1 | 3 |
_aEl pensamiento y la personalidad de William James / _cRalph Barton Perry ; traducción de Eduardo J. Prieto. |
| 260 |
_aBuenos Aires : _bPaidos, _c1973. |
||
| 300 |
_a[1-16], 413 p. ; _c23 cm. |
||
| 490 | 1 | _aBiblioteca de historia de la psicología Paidós | |
| 504 | _aIncluye referencias bibliográficas y notas al pie de las páginas. | ||
| 534 |
_pTítulo original en inglés: _tThe thought and character of William James, _cCambridge : Harvard Univesrity, 1948 |
||
| 700 | 1 |
_aPrieto, Eduardo J., _etr. _940991 |
|
| 830 | 0 |
_aBiblioteca de historia de la psicología Paidós _940992 |
|
| 910 | _aCatalogación original | ||
| 049 | _aBNGR | ||
| 999 |
_c18568 _d18568 |
||